| 000 | 03457 a2200277 4500 | ||
|---|---|---|---|
| 001 | 36419 | ||
| 005 | 20260407155639.0 | ||
| 008 | 260407a1991 arg spa d | ||
| 003 | AR-UNSa-BCEJYS | ||
| 040 |
_aAR-UNSa-BCEJYS _bspa _cAR-UNSa-BCEJYS |
||
| 080 |
_a338.246 _xMedidas económicas. Instrumentos de la política económica (Privatización)) |
||
| 245 | 1 | 0 | _aReforma del Estado y privatizaciones |
| 020 | _a950-508-342-4 | ||
| 264 | 1 |
_aBuenos Aires : _bAstrea _c1991 |
|
| 300 |
_a3 v. _c23 cm. |
||
| 505 | _aVol. I: Primera Parte: Regimen Juridico de la Reforma del Estado y las Privatizaciones - 1. Organización del Estado. -- 2.Intervención Económica.-- 3. Libertad Económica -- 4. Razones para la reforma --5.Reforma Administrativa --6.Reforma en la Historia Reciente -- 7. Reforma y Transformación -- 8. Motivos de la nueva Legislación -- 9. La Reforma del Estado en el Nuevo Derecho. -- 10. Reforma y Emergencia Juridica -- 11. Reforma posible -- 12. Estarategia para la Reforma -- 13. Instrumento -- 14. Procedimiento -- 15. Reforma y Racionalización -- 16. Reforma y Nación -- 17. Reforma, Provincia i Municipio -- 18. Reforma y cooperativas -- 19. Reforma y Sindicatos -- 20. Constitucionalidad de la Reforma.-- Segunda Parte: Leyes -- Tercera Parte: Decretos de Reestructuración y Racionalización -- Cuarta Parte: Decretos Planes y Resoluciones Complementarias Relativos al Regimen de Privatización. -- Quinta Parte: Resoluciones. -- Sexta Parte: La Reforma y la Jurisprudencia -- Vol. II: Parte Séptima: Régimen Jurídico del Pliego - 1. Concepto - 2. Contenido- 3. Clases - 4. Forma Jurídica - 5. Clausulas obligatorias y clausulas prohibidas - 6. Estabilidad y modificación - 7. Vicios - 8. El Pliego es la ley del contrato y la fuente de interpretacion - 9. Hacia una teoría general de los pliegos de condiciones -- Parte Octava: Ferrocarriles Argentinos -- Parte Novena: Empresa Nacional de Telecomunicaciones (ENTEL) -- Parte Décima: Dirección Nacional de Vialidad -- Parte Undécima: Yacimientos Petrolíferos Fiscales -- Parte Duodécima: Aerolíneas Argentinas Sociedad del Estado. Su participación accionaria en Buenos Aires Catering Sociedad Anónima y en la empresa operadora mayorista de servicios turísticos Sociedad del Estado (OPTAR) -- Parte Decimotercera: Energía Electrica. Centrales Termicas -- Parte Decimocuarta: Radiodifusión y televisión -- Parte Decimoquinta: Defensa -- Vol. III: Primera Parte: Regimen Juridico de los Contratos Administrativos -1. Concepto -2. Elementos -3. Caracteres -4. Formación -5. Ejecución -6. Conclusión -7. Clases --. Decimoséptima Parte: Ferrocarriles Argentinos --. Decimoctava Parte: Empresa Nacional de Telecomunicaciones --. Decimonovena Parte: Dirección Nacional de Vialidad --. Vigecima Parte: Yacimientos Petroliferos Fizcales --. Vigecimoprimera Parte: Aerolineas Argentinas --.Vigecimosegunda Parte: Energia Electrica --. Vigecimotercera Parte: Televsión y Radiodifusión --. Vigecimocuarta:Defensa --. Vigecimoquinta: Ente Tripartito Corporación Antiguo Puerto Madero S.A | ||
| 041 | _aspa | ||
| 942 | _cBK | ||
| 590 | _aniveau_biblio:m niveau_hierar:0 | ||
| 100 | 1 | _aDromi, José Roberto | |
| 700 | 1 | _aBarra, Rodolfo Carlos | |
| 700 | 1 | _aCassagne, Juan Carlos | |
| 700 | 1 | _aCreo Bay, Horacio D. | |
| 700 | 1 | _aMairal, Héctor A. | |
| 856 | 4 | 1 |
_uhttps://biblioeco.unsa.edu.ar/pmb/images/libros/L125318.jpg _yImagen de portada _qimage/jpeg |
| 999 |
_c2648 _d2648 |
||